Pedagogy of english language: (Record no. 152109)

MARC details
000 -LEADER
fixed length control field 00707nam a22001937a 4500
005 - DATE AND TIME OF LATEST TRANSACTION
control field 20180517102413.0
010 ## - LCCN (DPL NO)
LC control number ENG-123041
020 ## - INTERNATIONAL STANDARD BOOK NUMBER
International Standard Book Number 9788175416994
Terms of availability 250.00
035 ## - SYSTEM CONTROL NUMBER
System control number EN-106573
037 ## - SOURCE OF ACQUISITION
Source of stock number/acquisition DBAD/PUB
082 ## - DEWEY DECIMAL CLASSIFICATION NUMBER
Classification number 488.00710954
100 ## - MAIN ENTRY--PERSONAL NAME
Personal name Sharma, Parveen
245 ## - TITLE STATEMENT
Title Pedagogy of english language:
Statement of responsibility, etc by Parveen Sharma
Remainder of title (revised syllabus of MD university and universities in India) /
260 ## - PUBLICATION, DISTRIBUTION, ETC. (IMPRINT)
Place of publication, distribution, etc Delhi
Name of publisher, distributor, etc Shipra Publications
Date of publication, distribution, etc 2018
270 ## - ADDRESS
Address H.O. LG 18-19, Pankaj Central Market, Patparganj, I.P. Extn.
City Delhi
Postal code 110092
300 ## - PHYSICAL DESCRIPTION
Extent xi, 338p
Dimensions 21cm(pbk)
500 ## - GENERAL NOTE
General note It include Glossary, Bibliography and Revision questions
942 ## - ADDED ENTRY ELEMENTS (KOHA)
Source of classification or shelving scheme Dewey Decimal Classification
Item type English Books
Classification part 488.00710954
Call number suffix SHA
Holdings
Withdrawn status Lost status Not for loan Collection code Home library Current library Date acquired Source of acquisition Cost, normal purchase price Full call number Barcode Copy number Cost, replacement price Koha item type
    Not For Loan Non-fiction D.B.Act.Division Patel Nagar 17/05/2018 DBAD/PUB 250.00 488.00710954 SHA EN-106573 1 250.00 English Books

© Delhi Public Library
Hit Counter
free hit counter